=LDR 00000nam 2200000 4500 =001 INLIS000000000003856 =005 20250605090537 =035 ##$$a 0010-0625000061 =007 ta =008 250605################g##########0#ind## =082 ##$$a 378.2 =084 ##$$a 378.2 SIT k =100 #$$a Siti Fathimah =245 1#$$a Kertas Kerja Perseorangan (KKP) Rencana Kerja Peningkatan Kinerja Kemampuan Pengelolaan Pendidikan Dan Pelatihan pada Balatbang BKKBN Provinsi Kepulauan Bangka Belitung /$c Siti Fathimah =260 ##$$a Jakarta :$b BKKBN,$c 2010 =300 ##$$a iv, 51 hlm : $b ilus ; $c 29 cm =650 #4$$a Program KB =504 ##$$a Bibliografi : halaman 51